[Event "Reykjavik Open"]
[Site "Reykjavik ISL"]
[Date "2017.04.19"]
[EventDate "2017.04.19"]
[Round "1.4"]
[Result "1-0"]
[White "Zoltan Almasi"]
[Black "Jonathan Yu"]
[WhiteElo "2696"]
[BlackElo "2073"]
[PlyCount "107"]

1. Nf3 e6 2. g3 Nf6 3. Bg2 d5 4. O-O Be7 5. c4 O-O 6. b3 c5
7. cxd5 exd5 8. Bb2 Nc6 9. d4 Ne4 10. dxc5 Bxc5 11. Ba3 Bxa3
12. Nxa3 Bg4 13. Nc2 Bxf3 14. Bxf3 Qa5 15. b4 Nxb4 16. Nxb4
Qxb4 17. Qxd5 Nd2 18. Qxb7 Rab8 19. Qxb4 Rxb4 20. Rfd1 Nxf3+
21. exf3 Ra4 22. Rd3 g6 23. a3 Rb8 24. Rc1 Rb7 25. Rc5 h5
26. h4 Kg7 27. f4 a6 28. f5 Rb5 29. Rxb5 axb5 30. fxg6 fxg6
31. Rb3 Kf6 32. Kf1 Ra5 33. Ke2 Ke5 34. Kd3 Kd5 35. Kc2 Kc5
36. Rc3+ Kd5 37. Kb3 Ra4 38. Rf3 Re4 39. Rd3+ Kc5 40. Re3 Rd4
41. Re5+ Kc6 42. Rg5 Rd6 43. Kb4 Rd4+ 44. Kc3 Rd6 45. f4 Kb6
46. f5 gxf5 47. Rxf5 Rc6+ 48. Kd3 Rc4 49. Rxh5 Ra4 50. Rg5
Rxa3+ 51. Kc2 Kc6 52. h5 Kd6 53. g4 Rg3 54. h6 1-0

[Event "Reykjavik Open"]
[Site "Reykjavik ISL"]
[Date "2017.04.19"]
[EventDate "2017.04.19"]
[Round "1.6"]
[Result "1-0"]
[White "Sergei Movsesian"]
[Black "Allan George Savage"]
[WhiteElo "2677"]
[BlackElo "2067"]
[PlyCount "139"]

1. e4 g6 2. d4 Bg7 3. Nc3 c5 4. Be3 Qa5 5. Nf3 Nf6 6. Qd2 cxd4
7. Nxd4 Nc6 8. Nb3 Qc7 9. O-O-O O-O 10. Be2 d6 11. Bh6 Be6
12. Kb1 Ne5 13. Bxg7 Kxg7 14. f4 Nc4 15. Qd4 Rfc8 16. Rhf1 Kg8
17. h3 Na3+ 18. Kc1 a6 19. Rf2 Nb5 20. Bxb5 Bxb3 21. Bf1 Be6
22. g4 Qc5 23. g5 Nd7 24. Bg2 Qxd4 25. Rxd4 Rc5 26. Na4 Rc4
27. Rxc4 Bxc4 28. Rd2 Bb5 29. Nc3 Bc6 30. a4 Nc5 31. a5 Ne6
32. Rf2 Rc8 33. Kd2 Nc5 34. Ke3 Na4 35. Nd1 Kf8 36. b3 Nc5
37. Nb2 Rd8 38. Rd2 Rc8 39. h4 Rc7 40. Nc4 Nd7 41. Na3 Nb8
42. c4 Bd7 43. e5 dxe5 44. fxe5 Nc6 45. Bxc6 Bxc6 46. Rd8+ Kg7
47. b4 Rd7 48. Rxd7 Bxd7 49. Nc2 f6 50. Nd4 fxg5 51. e6 Bc8
52. hxg5 h5 53. Kf4 Kf8 54. Ke5 Kg7 55. Nf3 Kf8 56. Nh4 Kg7
57. Ng2 Kf8 58. b5 Kg7 59. b6 Kf8 60. Nh4 Kg7 61. Nf3 Kf8
62. Nd4 Kg7 63. c5 Kf8 64. c6 Ke8 65. Nb3 h4 66. Kf4 bxc6
67. Nc5 Kd8 68. Kg4 Bxe6+ 69. Nxe6+ Kc8 70. Kxh4 1-0

[Event "Reykjavik Open"]
[Site "Reykjavik ISL"]
[Date "2017.04.19"]
[EventDate "2017.04.19"]
[Round "1.7"]
[Result "0-1"]
[White "Bjorn Saren"]
[Black "Gawain Jones"]
[WhiteElo "2067"]
[BlackElo "2671"]
[PlyCount "90"]

1. e4 c5 2. Nf3 d6 3. d4 cxd4 4. Nxd4 Nf6 5. Nc3 g6 6. g3 Nc6
7. Bg2 Nxd4 8. Qxd4 Bg7 9. O-O O-O 10. Qb4 a5 11. Qb3 Be6
12. Qxb7 Rc8 13. e5 dxe5 14. Rd1 Qc7 15. Qxc7 Rxc7 16. Nb5
Rxc2 17. Na3 Rc7 18. b3 e4 19. Bf4 Rcc8 20. Be5 e3 21. fxe3
Ng4 22. Bxg7 Kxg7 23. Bh3 Nxe3 24. Bxe6 fxe6 25. Rdc1 Rcd8
26. Rc3 Nd1 27. Rc7 Rf7 28. Nc4 Nc3 29. Re1 Nb5 30. Rb7 Nd6
31. Nxd6 exd6 32. Rb6 e5 33. Ra6 Re7 34. Rxa5 d5 35. b4 e4
36. b5 d4 37. b6 e3 38. Ra7 Rxa7 39. bxa7 Ra8 40. Kf1 Rxa7
41. Rd1 Ra4 42. a3 Kf6 43. Rd3 Ke5 44. Ke2 Ke4 45. Rb3 Rc4 0-1

[Event "Reykjavik Open"]
[Site "Reykjavik ISL"]
[Date "2017.04.19"]
[EventDate "2017.04.19"]
[Round "1.26"]
[Result "1-0"]
[White "Pierre Bailet"]
[Black "Alex Byrne"]
[WhiteElo "2510"]
[BlackElo "1976"]
[PlyCount "97"]

1. Nf3 d5 2. c4 dxc4 3. e3 Nf6 4. Bxc4 e6 5. O-O Be7 6. d4 O-O
7. Nc3 c5 8. Qe2 Nc6 9. Rd1 Bd7 10. Ne5 Qc7 11. Nxd7 Qxd7
12. dxc5 Qc8 13. Na4 Nd7 14. Qc2 Nce5 15. b4 Nxc4 16. Qxc4 Nb6
17. Qb3 Nxa4 18. Qxa4 a5 19. bxa5 Qxc5 20. Bd2 Rfd8 21. Rac1
Qa3 22. Qxa3 Bxa3 23. Rb1 Rac8 24. Kf1 Rc2 25. Be1 Rxd1
26. Rxd1 Kf8 27. Rd3 Bc5 28. Rb3 Rxa2 29. Rxb7 g6 30. Rc7 Bd6
31. Rc6 Ke7 32. Ra6 Kd7 33. Ra8 Rc2 34. h3 Rc8 35. Rxc8 Kxc8
36. Ke2 Kb7 37. Kd3 Kc6 38. Kc4 e5 39. e4 Bc5 40. f3 Bd6
41. Bb4 Bc7 42. Bc3 Bd6 43. g4 Bc7 44. a6 Bb8 45. Ba5 Ba7
46. Bb4 h6 47. Ba5 Bc5 48. Bc7 Be3 49. Bxe5 1-0

[Event "Reykjavik Open"]
[Site "Reykjavik ISL"]
[Date "2017.04.19"]
[EventDate "2017.04.19"]
[Round "1.27"]
[Result "0-1"]
[White "Loftur Baldvinsson"]
[Black "Eugene Perelshteyn"]
[WhiteElo "1971"]
[BlackElo "2509"]
[PlyCount "94"]

1. e4 c5 2. b4 cxb4 3. d4 d5 4. e5 Nc6 5. a3 bxa3 6. Nxa3 g6
7. Nf3 Bg7 8. Be2 Nh6 9. c4 O-O 10. O-O Bg4 11. Nc2 dxc4
12. Bxc4 Bxf3 13. gxf3 Nf5 14. Be3 e6 15. Rb1 Qh4 16. f4 Qh3
17. Qe2 Rad8 18. Rfd1 Nh4 19. Ne1 b6 20. Rd3 Qf5 21. Rbd1 Na5
22. Ba2 Bh6 23. d5 exd5 24. Rxd5 Rxd5 25. Rxd5 Qe4 26. f3 Qb4
27. Nd3 Qa4 28. e6 fxe6 29. Rxa5 Qxa5 30. Bxe6+ Kh8 31. Bd4+
Bg7 32. Bxg7+ Kxg7 33. Qb2+ Kh6 34. Kf2 Qh5 35. Bg4 Qd5
36. Qa3 Rf7 37. Kg3 Nf5+ 38. Kh3 Kg7 39. Ne5 Rc7 40. Bxf5 gxf5
41. Qa1 Kg8 42. Qa4 Qd6 43. Kg3 Kf8 44. Kf2 Qd5 45. Kg3 Rg7+
46. Kh3 Qd6 47. Nd7+ Rxd7 0-1

[Event "Reykjavik Open"]
[Site "Reykjavik ISL"]
[Date "2017.04.19"]
[EventDate "2017.04.19"]
[Round "1.29"]
[Result "0-1"]
[White "Mikael Moller"]
[Black "Magesh Chandran Panchanathan"]
[WhiteElo "1965"]
[BlackElo "2494"]
[PlyCount "96"]

1. e4 e5 2. Nf3 Nc6 3. Bb5 a6 4. Ba4 Nf6 5. O-O Be7 6. Re1 b5
7. Bb3 d6 8. c3 O-O 9. h3 Nb8 10. d4 Nbd7 11. Nbd2 Bb7 12. Bc2
Re8 13. Nf1 Bf8 14. Ng3 g6 15. Bg5 h6 16. Bd2 c5 17. d5 c4
18. a4 Nc5 19. axb5 axb5 20. Be3 Qc7 21. Qd2 Kh7 22. Nh2 Bg7
23. Ng4 Ng8 24. f4 Rxa1 25. Rxa1 exf4 26. Bxf4 Bc8 27. Qd1
Bxg4 28. Qxg4 Nf6 29. Qf3 Qe7 30. Ra5 Rb8 31. Qd1 Nfxe4
32. Nxe4 Nxe4 33. Bxe4 Qxe4 34. Bxd6 Rd8 35. Ra6 Kg8 36. Kh1
g5 37. Rb6 Qd3 38. Qe1 Qxd5 39. Qe7 Ra8 40. Bb8 Kh7 41. Qe8
Ra1+ 42. Kh2 Qc5 43. Rxb5 Qg1+ 44. Kg3 Re1 45. Qc6 Re3+
46. Kg4 Qd1+ 47. Kf5 Qd3+ 48. Kg4 Re4+ 0-1

[Event "Reykjavik Open"]
[Site "Reykjavik ISL"]
[Date "2017.04.19"]
[EventDate "2017.04.19"]
[Round "1.34"]
[Result "1-0"]
[White "Gudmundur Kjartansson"]
[Black "Juergen Meyer"]
[WhiteElo "2468"]
[BlackElo "1944"]
[PlyCount "89"]

1. Nf3 Nf6 2. c4 c6 3. Nc3 d5 4. e3 e6 5. Qc2 Nbd7 6. b3 Bd6
7. Bb2 O-O 8. Be2 dxc4 9. bxc4 Qe7 10. d4 Ba3 11. Bxa3 Qxa3
12. O-O Qa5 13. e4 e5 14. d5 Re8 15. Nd2 Qc7 16. Nb3 a6 17. c5
b6 18. d6 Qa7 19. Rfd1 Nxc5 20. Nxc5 bxc5 21. Na4 Nd7 22. Rac1
a5 23. Bg4 Rb8 24. a3 g6 25. h3 h5 26. Bxd7 Bxd7 27. Nxc5 Rb6
28. Qc3 a4 29. Qc4 Ra8 30. Rd3 Kg7 31. Rf3 f6 32. Rd3 Rb2
33. f4 exf4 34. e5 fxe5 35. Qc3 Rab8 36. Qxe5+ Kg8 37. Qf6 Bf5
38. d7 Bxd3 39. d8=Q+ Rxd8 40. Qxd8+ Kh7 41. Qxd3 Rb3 42. Qd4
Rxa3 43. Rb1 Rd3 44. Qxd3 Qxc5+ 45. Kh2 1-0

[Event "Reykjavik Open"]
[Site "Reykjavik ISL"]
[Date "2017.04.19"]
[EventDate "2017.04.19"]
[Round "1.36"]
[Result "1/2-1/2"]
[White "Bragi Thorfinnsson"]
[Black "Haraldur Haraldsson"]
[WhiteElo "2457"]
[BlackElo "1941"]
[PlyCount "105"]

1. e4 c5 2. b3 Nf6 3. e5 Nd5 4. Bb2 e6 5. Nf3 Be7 6. c4 Nc7
7. Nc3 O-O 8. Ne4 d5 9. exd6 Bxd6 10. Qc2 Nc6 11. Qd3 Be7
12. Qe3 b6 13. O-O-O f5 14. Ng3 Bf6 15. Bxf6 Qxf6 16. Qc3 e5
17. Re1 Re8 18. Be2 Bd7 19. Bd1 a5 20. a4 Nd4 21. Nxd4 cxd4
22. Qf3 e4 23. Qf4 Rac8 24. Nh5 Qe7 25. h4 g6 26. g4 Nd5
27. Qh6 Qa3+ 28. Kb1 Re7 29. d3 Nc3+ 30. Kc2 Qa2+ 31. Kc1 Qb1+
32. Kd2 Qxd3+ 33. Kc1 Nxd1 34. Nf6+ Kh8 35. Rxd1 Qc3+ 36. Kb1
Qxb3+ 37. Kc1 Qxa4 38. Kb2 Qb4+ 39. Ka1 Qc3+ 40. Kb1 d3
41. Nd5 Qb3+ 42. Ka1 Rf7 43. Qf4 Rxc4 44. Qb8+ Bc8 45. Qe5+
Kg8 46. Qe8+ Rf8 47. Nf6+ Kg7 48. Qe7+ Rf7 49. Nh5+ Kg8
50. Qd8+ Rf8 51. Qd5+ Rf7 52. Qd8+ Rf8 53. Qd5+ 1/2-1/2

[Event "Reykjavik Open"]
[Site "Reykjavik ISL"]
[Date "2017.04.19"]
[EventDate "2017.04.19"]
[Round "1.37"]
[Result "0-1"]
[White "Sigurdur Eiriksson"]
[Black "Eugenio Torre"]
[WhiteElo "1928"]
[BlackElo "2455"]
[PlyCount "96"]

1. e4 b6 2. d4 Bb7 3. Nc3 e6 4. Bd3 Nf6 5. Nf3 Bb4 6. Qe2 d5
7. e5 Ne4 8. Bd2 Nxd2 9. Qxd2 Ba6 10. a3 Be7 11. Ne2 c5 12. c3
Bxd3 13. Qxd3 c4 14. Qe3 Nc6 15. O-O Qd7 16. Nd2 Na5 17. f4 g6
18. Qf3 h5 19. Rab1 Rc8 20. Nc1 Qa4 21. Qd1 Qxd1 22. Rxd1 Nc6
23. Nf3 b5 24. Na2 O-O 25. Nb4 a5 26. Nc2 b4 27. axb4 axb4
28. Kf1 Ra8 29. Ra1 Rfb8 30. Ke1 Kf8 31. h3 h4 32. Ne3 Na5
33. Nd2 Nc6 34. Rdb1 Ke8 35. Nc2 Kd7 36. Ke2 Bd8 37. Kf3 Ba5
38. cxb4 Nxb4 39. Nxb4 Bxb4 40. Nf1 Be7 41. Rxa8 Rxa8 42. Ke2
g5 43. Kf3 gxf4 44. Kxf4 Rg8 45. g3 hxg3 46. Nxg3 Bg5+ 47. Kf3
Rb8 48. Ne2 Bd2 0-1

[Event "Reykjavik Open"]
[Site "Reykjavik ISL"]
[Date "2017.04.19"]
[EventDate "2017.04.19"]
[Round "1.45"]
[Result "0-1"]
[White "Hilmar Thorsteinsson"]
[Black "Kidambi Sundararajan"]
[WhiteElo "1875"]
[BlackElo "2422"]
[PlyCount "124"]

1. c4 e5 2. Nc3 d6 3. g3 Nc6 4. Bg2 Be6 5. d3 Qd7 6. e4 g6
7. Nge2 Bg7 8. O-O Bh3 9. Nd5 Bxg2 10. Kxg2 Nd4 11. Nxd4 exd4
12. f4 c6 13. Nb4 Ne7 14. Qf3 h5 15. f5 gxf5 16. exf5 Be5
17. Bg5 f6 18. Bd2 O-O-O 19. Nc2 Rdg8 20. Rae1 Rg4 21. Re4
Rhg8 22. b4 Kb8 23. a4 a6 24. Rf2 d5 25. Rxe5 fxe5 26. f6 Ng6
27. Kh1 e4 28. f7 Rc8 29. Qf6 e3 30. Bxe3 dxe3 31. Nxe3 Nf8
32. Nxg4 hxg4 33. Re2 dxc4 34. Qf4+ Ka8 35. Qxc4 Ng6 36. Qe6
Qd5+ 37. Kg1 Qxe6 38. Rxe6 Nf8 39. Re7 Kb8 40. Kf2 Ng6 41. Re8
Kc7 42. Rg8 Nf8 43. Rxg4 Kd6 44. Re4 Ne6 45. h4 Ke7 46. d4
Kxf7 47. g4 Nc7 48. Re5 b5 49. h5 Nd5 50. axb5 axb5 51. g5
Nxb4 52. Ke3 Nd5+ 53. Kd2 Rh8 54. h6 Rc8 55. Kc2 Kg6 56. Kb3
Rc7 57. Ka3 Ra7+ 58. Kb3 Re7 59. Ka3 Rxe5 60. dxe5 Nf4 61. Kb4
Ne6 62. Kc3 Nxg5 0-1

[Event "Reykjavik Open"]
[Site "Reykjavik ISL"]
[Date "2017.04.19"]
[EventDate "2017.04.19"]
[Round "1.46"]
[Result "1-0"]
[White "Robert Ris"]
[Black "Palmar Breidfjord"]
[WhiteElo "2419"]
[BlackElo "1866"]
[PlyCount "89"]

1. d4 e6 2. Nf3 Nf6 3. Bf4 d5 4. e3 Nbd7 5. Nbd2 Be7 6. h3 c5
7. c3 Nb8 8. Bd3 c4 9. Bc2 b5 10. e4 Bb7 11. e5 Nfd7 12. h4 a5
13. Rh3 h6 14. h5 Nc6 15. Ng1 Nb6 16. Qg4 Bf8 17. Bh2 Qd7
18. f4 Ne7 19. Rf3 Nf5 20. Qh3 Qe7 21. g4 Qh4+ 22. Qxh4 Nxh4
23. Rh3 g5 24. hxg6 Nxg6 25. f5 Ne7 26. Ne2 Rg8 27. f6 Ng6
28. Kf2 Bc6 29. Rg1 Na4 30. b3 cxb3 31. Nxb3 Nb6 32. g5 a4
33. Nbc1 hxg5 34. Rxg5 Rh8 35. Rxh8 Nxh8 36. Rh5 Ng6 37. Rh7
b4 38. cxb4 Bxb4 39. Bxg6 fxg6 40. Nd3 Bf8 41. Nef4 Bd7
42. Nxg6 O-O-O 43. Nc5 Bxc5 44. dxc5 Nc4 45. f7 1-0

[Event "Reykjavik Open"]
[Site "Reykjavik ISL"]
[Date "2017.04.19"]
[EventDate "2017.04.19"]
[Round "1.47"]
[Result "0-1"]
[White "Anthony Boron"]
[Black "Bjorn Ahlander"]
[WhiteElo "1865"]
[BlackElo "2416"]
[PlyCount "126"]

1. d4 c5 2. e4 cxd4 3. c3 d3 4. c4 g6 5. Bxd3 Bg7 6. Nc3 Nc6
7. Nf3 d6 8. h3 Nf6 9. Bd2 O-O 10. Rc1 Nd7 11. b3 Nc5 12. Bb1
Bd7 13. O-O Re8 14. Ne2 a5 15. Bc3 a4 16. Bxg7 Kxg7 17. Ned4
axb3 18. axb3 f6 19. Nxc6 Bxc6 20. Re1 Qb6 21. Bc2 Ra2 22. Rb1
Nxe4 23. Qd4 Qxd4 24. Nxd4 Ng5 25. h4 Nf7 26. Ne6+ Kg8 27. Bd3
Ne5 28. Bf1 Kf7 29. Nd4 Rd2 30. Red1 Rxd1 31. Rxd1 Ra8 32. b4
Ra4 33. Nxc6 Nxc6 34. c5 dxc5 35. bxc5 Rxh4 36. Rd7 Rb4 37. g3
Ke8 38. Bh3 f5 39. Rd5 Rd4 40. Bg2 Rxd5 41. Bxd5 e5 42. Kg2
Ke7 43. Kh3 Kf6 44. f3 Kg5 45. Kg2 Kf6 46. Kf2 Nd8 47. Ke3 Ne6
48. Bxb7 Nxc5 49. Bd5 Ne6 50. f4 exf4+ 51. gxf4 h6 52. Kf3 Ng7
53. Bc4 Nh5 54. Bb5 g5 55. fxg5+ hxg5 56. Be2 g4+ 57. Kf2 Kg5
58. Bd1 Kf4 59. Kg2 Ke3 60. Kf1 Nf6 61. Kg2 f4 62. Kf1 f3
63. Ke1 Ne4 0-1

[Event "Reykjavik Open"]
[Site "Reykjavik ISL"]
[Date "2017.04.19"]
[EventDate "2017.04.19"]
[Round "1.49"]
[Result "1/2-1/2"]
[White "Nansy Davidsdottir"]
[Black "Bjorn Thorfinnsson"]
[WhiteElo "1864"]
[BlackElo "2413"]
[PlyCount "92"]

1. e4 e5 2. Nf3 Nc6 3. d4 exd4 4. Nxd4 Bc5 5. Be3 Qf6 6. c3
Nge7 7. Qa4 b6 8. Nd2 Bb7 9. Be2 a6 10. O-O b5 11. Qc2 Bxd4
12. cxd4 Nxd4 13. Bxd4 Qxd4 14. Qxc7 Bc6 15. Nb3 Qxb2 16. Bg4
f5 17. exf5 O-O 18. Qd6 Nxf5 19. Qd3 Qf6 20. Nc5 Qg5 21. Qh3
Nh4 22. Nxd7 Bxg2 23. Qg3 Bxf1 24. Nxf8 Rxf8 25. Kxf1 Qf6
26. Rd1 Ng6 27. Rd6 Qa1+ 28. Bd1 Kh8 29. Qb3 Qe5 30. Rxg6 Qxh2
31. Rg2 Qe5 32. Qd3 a5 33. Bc2 g6 34. Kg1 a4 35. Rh2 Qe1+
36. Qf1 Qxf1+ 37. Kxf1 Kg7 38. Ke2 Rf4 39. Rh3 Rb4 40. Kd3 Rb2
41. a3 b4 42. axb4 Rxb4 43. Kd2 Rf4 44. Ke2 Rc4 45. Kd2 Rf4
46. Ke2 Rc4 1/2-1/2

[Event "Reykjavik Open"]
[Site "Reykjavik ISL"]
[Date "2017.04.19"]
[EventDate "2017.04.19"]
[Round "1.53"]
[Result "0-1"]
[White "Pall G Jonsson"]
[Black "Justin Sarkar"]
[WhiteElo "1833"]
[BlackElo "2390"]
[PlyCount "116"]

1. b4 e5 2. Bb2 Bxb4 3. Bxe5 Nf6 4. e3 O-O 5. h3 d5 6. Nf3 c5
7. Be2 Nc6 8. Bb2 d4 9. O-O Ba5 10. Ba3 Qd5 11. exd4 Nxd4
12. Nxd4 Qxd4 13. c3 Qd5 14. d4 Bf5 15. c4 Qxd4 16. Qxd4 cxd4
17. Bxf8 Kxf8 18. g4 d3 19. Bf3 Be4 20. Kg2 Re8 21. Rd1 Bxf3+
22. Kxf3 Nd7 23. Nd2 Bxd2 24. Rxd2 Nc5 25. Rb1 Re6 26. Rb5 Rc6
27. Ke3 b6 28. f3 Ke7 29. h4 Re6+ 30. Kf2 Kd6 31. Rb1 Ke5
32. Ke3 f5 33. gxf5 Kxf5+ 34. Kf2 Rd6 35. Rg1 g6 36. Rg5+ Kf6
37. Rg4 Kf5 38. Rg5+ Kf4 39. Rg4+ Kf5 40. Rd1 h5 41. Rg5+ Kf4
42. Rdg1 Re6 43. Rxg6 Re2+ 44. Kf1 Ke3 45. R1g5 Rf2+ 46. Kg1
Rxf3 47. Re5+ Ne4 48. Rge6 Rf4 49. Rxh5 d2 50. Rd5 Rxh4
51. Re7 Ke2 52. Rxa7 Rg4+ 53. Kh2 d1=Q 54. Rxd1 Kxd1 55. Rd7+
Ke2 56. Rd5 Rg5 57. Rd8 Nf2 58. Rd6 Kf1 0-1

[Event "Reykjavik Open"]
[Site "Reykjavik ISL"]
[Date "2017.04.19"]
[EventDate "2017.04.19"]
[Round "1.57"]
[Result "0-1"]
[White "Alexander Oliver Mai"]
[Black "Tatev Abrahamyan"]
[WhiteElo "1813"]
[BlackElo "2364"]
[PlyCount "94"]

1. e4 e6 2. d4 d5 3. Nd2 Be7 4. e5 c5 5. c3 Nc6 6. Bd3 Qb6
7. Ndf3 cxd4 8. cxd4 f6 9. Ne2 fxe5 10. dxe5 Bb4+ 11. Bd2
Bxd2+ 12. Qxd2 Nh6 13. O-O Nf7 14. Qf4 Qxb2 15. Rab1 Qa3
16. Rb3 Qe7 17. Qg3 O-O 18. Qh3 Nh6 19. Kh1 Na5 20. Rc3 Bd7
21. Nfd4 Rac8 22. Rxc8 Rxc8 23. g4 Nc4 24. g5 Nf5 25. Nxf5
exf5 26. Bxf5 Bxf5 27. Qxf5 Rf8 28. Qd3 Qxe5 29. f4 Qe4+
30. Qxe4 dxe4 31. Rc1 b5 32. a4 a6 33. axb5 axb5 34. Rb1 Rb8
35. Rb4 Nd6 36. Kg1 Kf7 37. Nd4 Ke8 38. Kf2 Kd7 39. Ke3 g6
40. Nb3 Kc6 41. Nd2 Kc5 42. Rb1 Kd5 43. Rb4 Nf5+ 44. Ke2 Nd4+
45. Kd1 e3 46. Nb3 e2+ 47. Kd2 e1=Q+ 0-1

[Event "Reykjavik Open"]
[Site "Reykjavik ISL"]
[Date "2017.04.19"]
[EventDate "2017.04.19"]
[Round "1.68"]
[Result "1-0"]
[White "Askell Orn Karason"]
[Black "Gerd Meier"]
[WhiteElo "2289"]
[BlackElo "1779"]
[PlyCount "91"]

1. d4 Nf6 2. c4 e5 3. dxe5 Ng4 4. Nf3 Bc5 5. e3 Nc6 6. Be2
Ngxe5 7. Nc3 O-O 8. a3 a5 9. b3 Ra6 10. Bb2 Nxf3+ 11. Bxf3 Ne5
12. Ne4 Nxf3+ 13. gxf3 Ba7 14. h4 Qe7 15. Qd3 f5 16. Ng5 Rd6
17. Qe2 h6 18. Nh3 f4 19. Rg1 g6 20. Nxf4 Kh7 21. h5 Rxf4
22. Rxg6 Rff6 23. Bxf6 Rxf6 24. Qd3 Qd6 25. Qxd6 Rxd6 26. Rxd6
cxd6 27. b4 b6 28. Rd1 Bb8 29. e4 Bb7 30. bxa5 Ba6 31. axb6
Bxc4 32. a4 d5 33. a5 Bd6 34. Rb1 dxe4 35. b7 Bb8 36. fxe4 Ba6
37. Rb6 Bd3 38. f3 Kg7 39. Kd2 Bf1 40. a6 Bc4 41. Rg6+ Kh7
42. Kc3 Be2 43. Rd6 Bb5 44. Kb4 Bc6 45. Rxc6 dxc6 46. Kc5 1-0

[Event "Reykjavik Open"]
[Site "Reykjavik ISL"]
[Date "2017.04.19"]
[EventDate "2017.04.19"]
[Round "1.73"]
[Result "1/2-1/2"]
[White "John Ontiveros"]
[Black "Frank Buchenau"]
[WhiteElo "1741"]
[BlackElo "2275"]
[PlyCount "134"]

1. d4 e6 2. c4 Nf6 3. Nc3 Bb4 4. Qc2 c5 5. e3 d5 6. a3 Bxc3+
7. bxc3 O-O 8. Nf3 Nc6 9. Bd3 dxc4 10. Bxc4 Qe7 11. O-O e5
12. Bb2 e4 13. Nd2 Bg4 14. Ba2 cxd4 15. cxd4 Rfc8 16. Qc5 Qd7
17. Qg5 Ne7 18. d5 Ng6 19. d6 Rc2 20. Nc4 Rc8 21. Rfc1 Rxc1+
22. Rxc1 b5 23. Ne5 Rxc1+ 24. Bxc1 Qxd6 25. Bxf7+ Kf8
26. Nxg6+ Kxf7 27. Ne5+ Ke6 28. h3 Qxe5 29. Qxe5+ Kxe5
30. hxg4 Nxg4 31. Bb2+ Kd5 32. Bxg7 a5 33. Kf1 Ne5 34. Ke2 Nc4
35. Bf8 h5 36. f3 Ke5 37. Bg7+ Kf5 38. Bf8 Ne5 39. Be7 Nc6
40. Bf8 Ke5 41. Kf2 b4 42. axb4 axb4 43. Kg3 Kf5 44. fxe4+ Kg5
45. Kf3 Ne5+ 46. Kg3 b3 47. Be7+ Kg6 48. Ba3 Nc4 49. Bc1 Kg5
50. e5 Nxe5 51. e4+ Kg6 52. Kh4 Nd3 53. Ba3 Ne5 54. Bb2 Nc4
55. Bc1 Ne3 56. g3 Ng4 57. Bb2 Ne3 58. Bc1 Ng2+ 59. Kh3 Ne1
60. g4 Nd3 61. gxh5+ Kxh5 62. Ba3 Nf2+ 63. Kg2 Nxe4 64. Kf3
Nd2+ 65. Ke2 Nc4 66. Bc1 Kg4 67. Kd3 b2 1/2-1/2

[Event "Reykjavik Open"]
[Site "Reykjavik ISL"]
[Date "2017.04.19"]
[EventDate "2017.04.19"]
[Round "1.75"]
[Result "0-1"]
[White "Fridgeir K Holm"]
[Black "Rajdeep Sarkar"]
[WhiteElo "1726"]
[BlackElo "2273"]
[PlyCount "108"]

1. e4 e5 2. Nf3 Nc6 3. Bc4 g6 4. O-O Bg7 5. c3 d6 6. d4 Qe7
7. d5 Nd8 8. Bb5+ Bd7 9. Qa4 Nf6 10. Bg5 c6 11. dxc6 bxc6
12. Be2 Ne6 13. Bxf6 Bxf6 14. g3 O-O 15. b4 a5 16. Qc2 Bg7
17. Nbd2 f5 18. Bc4 fxe4 19. Bxe6+ Bxe6 20. Qxe4 axb4 21. cxb4
d5 22. Qe3 Qf6 23. Qg5 e4 24. Qxf6 Bxf6 25. Nh4 Bxa1 26. Rxa1
Rfb8 27. a3 Rxb4 28. Ng2 Rb2 29. Nf4 Bf7 30. Nf1 Rb3 31. a4
Rb4 32. a5 Ra6 33. Ne3 Rb5 34. Kg2 Raxa5 35. Rc1 Ra6 36. Ng4
Kg7 37. Ne5 g5 38. Nh3 h6 39. Nxc6 Rb2 40. Nd4 Rf6 41. g4 Be6
42. Kg3 Rd2 43. Rc7+ Kg8 44. Nc6 Rd3+ 45. Kg2 Bxg4 46. Ng1 Rd2
47. Nh3 Bxh3+ 48. Kxh3 Rf7 49. Rc8+ Kg7 50. Ne5 Rdxf2 51. Nxf7
Kxf7 52. Rd8 Ke6 53. Re8+ Kd6 54. Kg3 Rf6 0-1

[Event "Reykjavik Open"]
[Site "Reykjavik ISL"]
[Date "2017.04.19"]
[EventDate "2017.04.19"]
[Round "1.80"]
[Result "1-0"]
[White "Halldor Gretar Einarsson"]
[Black "Haki Johannesson"]
[WhiteElo "2257"]
[BlackElo "1705"]
[PlyCount "89"]

1. d4 d5 2. c4 c6 3. Nf3 dxc4 4. g3 Bf5 5. Bg2 Nf6 6. O-O e6
7. Ne5 Nbd7 8. Nxc4 Bxb1 9. Rxb1 Nb6 10. Na5 Qd7 11. Qc2 Rc8
12. b4 Be7 13. e4 O-O 14. a3 Bd8 15. Rd1 Na8 16. Nc4 Bc7
17. Bg5 Bd8 18. Rbc1 h6 19. Bd2 Bc7 20. Qb3 Rfd8 21. Bc3 Qe7
22. Bb2 Nb6 23. Ne3 Rd7 24. a4 Rcd8 25. a5 Nc8 26. a6 bxa6
27. Rxc6 Bb6 28. Nc4 Qe8 29. Ne5 Rc7 30. Rdc1 Rxc6 31. Nxc6
Rd7 32. d5 Ng4 33. h3 Nf6 34. d6 e5 35. Nxe5 Rxd6 36. Nxf7
Qxf7 37. Rxc8+ Rd8 38. Rxd8+ Bxd8 39. Qd3 Qd7 40. Qc4+ Kh8
41. e5 Ng8 42. Qxa6 Bb6 43. Qe2 Ne7 44. e6 Qd6 45. Qg4 1-0

[Event "Reykjavik Open"]
[Site "Reykjavik ISL"]
[Date "2017.04.19"]
[EventDate "2017.04.19"]
[Round "1.82"]
[Result "1-0"]
[White "Matthias Kiese"]
[Black "Elmar Fjallheim"]
[WhiteElo "2247"]
[BlackElo "1691"]
[PlyCount "99"]

1. d4 Nf6 2. Nf3 g6 3. c4 Bg7 4. Nc3 d6 5. e4 O-O 6. Be2 Qe8
7. O-O e5 8. dxe5 dxe5 9. Nd5 c6 10. Nc7 Qe7 11. Nxa8 Nxe4
12. Be3 c5 13. Qc2 f5 14. Rad1 Nc6 15. Rfe1 Be6 16. Ng5 Nxg5
17. Bxg5 Qxg5 18. Nc7 Bf7 19. Nb5 Nd4 20. Nxd4 cxd4 21. c5 Bd5
22. Bf1 Kh8 23. b4 e4 24. Bc4 d3 25. Qb3 Bxc4 26. Qxc4 Qd8
27. b5 Qd4 28. Qxd4 Bxd4 29. c6 bxc6 30. bxc6 Rc8 31. Kf1 Rxc6
32. Rc1 Re6 33. Rc8+ Kg7 34. Rd8 Bb6 35. Rxd3 Kf6 36. Rd7 h5
37. Red1 Rc6 38. R7d6+ Rxd6 39. Rxd6+ Kg5 40. h4+ Kh6 41. Ke2
Kg7 42. a4 Kf7 43. g3 Kg7 44. Rd5 Kf6 45. a5 Bc7 46. Rc5 Bd6
47. Rc6 Ke5 48. Ra6 Bc5 49. Rxg6 Bb4 50. a6 1-0

[Event "Reykjavik Open"]
[Site "Reykjavik ISL"]
[Date "2017.04.19"]
[EventDate "2017.04.19"]
[Round "1.87"]
[Result "0-1"]
[White "Karl Egill Steingrimsson"]
[Black "Dimitri van Leent"]
[WhiteElo "1664"]
[BlackElo "2230"]
[PlyCount "104"]

1. Nf3 f5 2. d4 Nf6 3. Nc3 e6 4. Bg5 d5 5. e3 Be7 6. g3 b6
7. Bg2 Ba6 8. Ne2 O-O 9. O-O c5 10. Re1 Nc6 11. c3 Ne4
12. Bxe7 Qxe7 13. Nf4 g5 14. Nd3 Bxd3 15. Qxd3 c4 16. Qc2 g4
17. Nh4 Ng5 18. Rad1 Rf6 19. Rf1 Kh8 20. f3 gxf3 21. Nxf3
Nxf3+ 22. Bxf3 Rg8 23. Rf2 Qg7 24. Rg2 Nd8 25. Rf1 Nf7 26. Qe2
Ng5 27. b3 Rc8 28. b4 Qd7 29. Qc2 Ra8 30. a4 a5 31. b5 Qd6
32. Qb2 Rd8 33. Qc1 Re8 34. Kh1 e5 35. Bd1 Qe7 36. Bh5 Ref8
37. Bf3 Nxf3 38. Rxf3 exd4 39. exd4 Re6 40. Rf1 Re3 41. Rgf2
Qe4+ 42. Kg1 Kg7 43. Rf4 Qd3 44. Qa3 Rf6 45. Kg2 Kg6 46. R4f3
Qe4 47. Rf2 f4 48. g4 Rxf3 49. Rxf3 Qe2+ 50. Rf2 Qxg4+ 51. Kh1
Qd1+ 52. Kg2 Kf5 0-1

[Event "Reykjavik Open"]
[Site "Reykjavik ISL"]
[Date "2017.04.19"]
[EventDate "2017.04.19"]
[Round "1.98"]
[Result "1/2-1/2"]
[White "Markus Kauch"]
[Black "Birkir Isak Johannsson"]
[WhiteElo "2193"]
[BlackElo "1567"]
[PlyCount "84"]

1. Nf3 Nf6 2. c4 c5 3. g3 g6 4. Bg2 Bg7 5. Nc3 O-O 6. d4 cxd4
7. Nxd4 Nc6 8. O-O Nxd4 9. Qxd4 d6 10. Qd3 Rb8 11. Be3 a6
12. Ba7 Ra8 13. Bd4 Qc7 14. Rac1 Be6 15. b3 Rac8 16. e4 Nd7
17. Bxg7 Kxg7 18. h3 Kg8 19. Kh2 Nc5 20. Qe3 Qd8 21. f4 Bd7
22. f5 Bc6 23. Rcd1 Nd7 24. Qh6 Qa5 25. Qd2 Qe5 26. Rde1 b5
27. cxb5 Bxb5 28. Nxb5 axb5 29. Rc1 Nf6 30. Qd3 Qb2 31. Qe3
Rxc1 32. Rxc1 Qxa2 33. e5 dxe5 34. Qxe5 Qxb3 35. Qxe7 Qb2
36. Rd1 b4 37. g4 Re8 38. Rd8 Rxd8 39. Qxd8+ Kg7 40. g5 Qe5+
41. Kh1 Qe1+ 42. Kh2 Qe5+ 1/2-1/2